000 00596nam a2200181 4500
001 138375
003 ES-MaACL
005 20230906195544.0
007 t|
008 070214s1969 sp r ||||1| spa d
100 1 _aSand, George,
_d1804-1876
_9103060
245 1 0 _aHistoria de mi vida /
_cGeorge Sand [seud. de Armandine Lucile Aurore Dupin] ; [traducción de Sabel Azcoaga].
260 _aMadrid :
_bEdaf,
_c1969.
300 _a309 p., 1 lám. = retr. aut. ;
_c19 cm.
700 1 _aAzcoaga, María Isabel.
_924262
852 _aES-MaACL
_jC-40067
_bR.70835
999 _c138375
_d138375